000 00548 a2200193 4500
005 20260417113322.0
008 260416b |||||||| |||| 00| 0 eng d
020 _a9789393330314
_cRs. 750.00
040 _aMAIN
082 _a005.8
_bA18I
100 _aSingh, Ajay
245 _aIntroduction to cybersecurity: Concepts, principles, technologies and practices
260 _bUniversity Press
_c2023
_aNew Delhi
300 _axiv, 312
650 _aComputer Science
650 _aComputer Programming
650 _aData security
942 _cBK
999 _c397211
_d397211